[Event "GER-chT U12"]
[Site "Magdeburg"]
[Date "2017.12.30"]
[Round "7.3"]
[White "Deutsch, Oliver"]
[Black "Grunemann, Jonas"]
[Result "1/2-1/2"]
[WhiteElo "1429"]
[BlackElo "964"]
[PlyCount "112"]
[EventDate "2017.12.26"]
[EventType "team-swiss"]
[EventRounds "7"]
[EventCountry "GER"]
[SourceTitle "CBM 182 Extra"]
[Source "ChessBase"]
[SourceDate "2018.02.23"]
[SourceVersion "1"]
[SourceVersionDate "2018.02.23"]
[SourceQuality "1"]
[WhiteTeam "Gruendau"]
[BlackTeam "Graefenhainichen"]
[WhiteTeamCountry "GER"]
[BlackTeamCountry "GER"]

1. e4 c5 2. Nf3 a6 3. d4 cxd4 4. Nxd4 Nf6 5. Nc3 e5 6. Nb3 Bb4 7. Bd3 0-0 8. 0-0 Nc6 9. Nd5 Be7 10. Re1 d6 11. Ne3 Be6 12. c4 b5 13. cxb5 axb5 14. Bxb5 Bxb3 15. Qxb3 Rb8 16. Qd3 Nd4 17. Ba4 Qa5 18. Qd1 Nxe4 19. b3 Nc3 20. Qd3 Nxa4 21. Bd2 Nc5 22. Nd5 Nxd3 23. Nxe7+ Kh8 24. Bxa5 Nxe1 25. Rxe1 Rfe8 26. Nd5 Rbc8 27. Nb4 Nc2 28. Rd1 Nxb4 29. Bxb4 d5 30. h3 d4 31. Bd6 Rc6 32. Bb4 h6 33. Re1 d3 34. f3 f5 35. g4 g6 36. Ba3 Kg8 37. Bb2 e4 38. Bc1 h5 39. gxf5 gxf5 40. fxe4 fxe4 41. Kf2 Rf6+ 42. Kg2 Rg6+ 43. Kf2 h4 44. Bf4 Kf7 45. b4 Ree6 46. a4 Ke8 47. a5 Kd8 48. b5 Kc8 49. b6 Kb7 50. Rb1 Rg7 51. Ke3 Ka6 52. Bc7 Rxc7 53. bxc7 Re8 54. Rc1 Rc8 55. Kxe4 d2 56. Ra1 Rxc7 1/2-1/2

[Event "GER-chT U12"]
[Site "Magdeburg"]
[Date "2017.12.28"]
[Round "3.3"]
[White "Herter, Arne"]
[Black "Grunemann, Jonas"]
[Result "1-0"]
[WhiteElo "1342"]
[BlackElo "964"]
[PlyCount "37"]
[EventDate "2017.12.26"]
[EventType "team-swiss"]
[EventRounds "7"]
[EventCountry "GER"]
[SourceTitle "CBM 182 Extra"]
[Source "ChessBase"]
[SourceDate "2018.02.23"]
[SourceVersion "1"]
[SourceVersionDate "2018.02.23"]
[SourceQuality "1"]
[WhiteTeam "Magdeburg USC"]
[BlackTeam "Graefenhainichen"]
[WhiteTeamCountry "GER"]
[BlackTeamCountry "GER"]

1. e4 c5 2. Nc3 a6 3. Nf3 d6 4. d4 cxd4 5. Nxd4 e5 6. Nf3 Nf6 7. Bg5 Be7 8. Bc4 0-0 9. Qd2 Nc6 10. 0-0-0 b5 11. Bb3 b4 12. Bxf6 bxc3 13. Qxc3 Bxf6 14. Qxc6 Be7 15. Qxa8 a5 16. Nxe5 Bd7 17. Qxd8 Rxd8 18. Nxf7 Rf8 19. Ne5+ 1-0

[Event "GER-chT U12"]
[Site "Magdeburg"]
[Date "2017.12.27"]
[Round "2.3"]
[White "Grunemann, Jonas"]
[Black "Tenbosch, Till Theo"]
[Result "1/2-1/2"]
[WhiteElo "964"]
[BlackElo "1030"]
[PlyCount "93"]
[EventDate "2017.12.26"]
[EventType "team-swiss"]
[EventRounds "7"]
[EventCountry "GER"]
[SourceTitle "CBM 182 Extra"]
[Source "ChessBase"]
[SourceDate "2018.02.23"]
[SourceVersion "1"]
[SourceVersionDate "2018.02.23"]
[SourceQuality "1"]
[WhiteTeam "Graefenhainichen"]
[BlackTeam "Muenster"]
[WhiteTeamCountry "GER"]
[BlackTeamCountry "GER"]

1. e4 d5 2. exd5 Qxd5 3. Nc3 Qa5 4. Nf3 Nf6 5. Be2 Bf5 6. 0-0 e6 7. d3 Bd6 8. Bd2 c6 9. Ne4 Qd8 10. Nxf6+ Qxf6 11. c3 Nd7 12. d4 Be4 13. Ne5 Nxe5 14. dxe5 Qxe5 15. f4 Qf6 16. Bf3 Bf5 17. Bg4 Qg6 18. Bxf5 Qxf5 19. h3 0-0 20. Qg4 Qxg4 21. hxg4 Rad8 22. Be3 Rd7 23. Bxa7 c5 24. b4 Rc8 25. bxc5 Bxc5+ 26. Bxc5 Rxc5 27. Rac1 Rdc7 28. Rfd1 Kf8 29. Rd3 b5 30. a3 f5 31. gxf5 exf5 32. Kf2 Kf7 33. Kf3 h5 34. g3 Ke6 35. Re1+ Kf6 36. Rd6+ Kf7 37. Rd3 Rxc3 38. Rxc3 Rxc3+ 39. Re3 Rc5 40. Re5 Rxe5 41. fxe5 Ke6 42. Kf4 g6 43. Kg5 Kf7 44. e6+ Kxe6 45. Kxg6 Ke5 46. Kxh5 Ke4 47. Kg5 1/2-1/2